Computer - Aided Tolerancing /

Guardado en:
Detalles Bibliográficos
Autor principal: Bjorke, Oyvind (Autor)
Formato: Libro
Lenguaje:inglés
Publicado: Berkeley : Apress, 1989
Edición:2. Edition
Materias:
Etiquetas: Agregar Etiqueta
Sin Etiquetas, Sea el primero en etiquetar este registro!

MARC

LEADER 00000nam a22000003a 4500
001 stu33151
005 20150617225658.1
008 980413s1989----xxu-----------------eng-d
020 |a 0-7918-0010-5 
040 |a STU  |b slo 
041 0 |a eng 
044 |a xxu 
080 |a 004.38  |7 stu_us_auth*stu967 
100 1 |a Bjorke, Oyvind  |4 aut 
245 1 |a Computer - Aided Tolerancing /  |c [aut.] Bjorke,Oyvind 
250 |a 2. Edition 
260 |a Berkeley :  |b Apress,  |c 1989 
300 |a 215 s 
650 7 |a tolerancia  |2 stusub 
650 7 |a počítače  |2 stusub 
996 |b 284J016420  |c J*94011  |l JJST  |s P  |a 0  |w stu33151_0001